01561nam a2200277Ia 450000500170000000800410001702000150005808200180007310000290009124500590012025000190017930000420019849000360024050000450027650400270032150505760034865100500092465100370097465100630101165100550107426400310112933600270116033700330118733800280122004000350124820220317000541.0160601s2005 ck a g 000 0 spa  a958633279904a980.01 bZ17a1 aZaragoza Rovira, Gonzalo10aAmérica Latina bépoca colonial cGonzalo Zaragoza a3a. edición  a95 páginas bilustraciones c21 cm  aBiblioteca básica de historia aIncluye glosario e índice alfabético aIncluye bibliografía aLos reinos de indias: un solo rey. Muchas preguntas. Economías locales, minas y comercio trasatlántico. Del rey abajo: funcionarios, colonos e indios. Blancos, indios y negros. Las ciudades, las haciendas y el continente. ¿Comerciantes o contrabandistas?. La iglesia: las órdenes religiosas y la cultura. Un imperio rodeado de fronteras y de rebeliones. Americanos blancos: los criollos. Las reformas borbónicas: muy tarde, muy breves. Brasil: el ciclo del azúcar y el ciclo del oro. La independencia: varias repúblicas, dos imperios. Datos para una historia 4aAmérica latina xHistoriaySiglos XVI-XVIII 4aAmérica latina xIndependencia 4aAmérica latina xPolítica económicaySiglos XVI-XVII 4aAmérica latina xcolonizaciónySiglos XVI-XVII aBogotá bRei Andesc2005 atextobtxt2rdacontent asin mediaciónbn2rdamedia avolumenbnc2rdacarrier aCO-BoRNBPbspaerdacCO-BoRNBP